[Event "CRO-chT1B 31st"]
[Site "Veli Losinj"]
[Date "2023.10.18"]
[Round "8.43"]
[White "Segovic, Goran"]
[Black "Muha, Miljenko"]
[Result "1/2-1/2"]
[WhiteElo "2324"]
[BlackElo "2276"]
[PlyCount "190"]
[EventDate "2023.10.11"]
[EventType "team-tourn"]
[EventRounds "9"]
[EventCountry "CRO"]
[SourceTitle "Mega2024 Update 01"]
[Source "Chessbase"]
[SourceDate "2023.11.12"]
[SourceVersion "1"]
[SourceVersionDate "2023.11.12"]
[SourceQuality "1"]
[WhiteTeam "Mihovljan Sloboda"]
[BlackTeam "Split Brda"]
[WhiteTeamCountry "CRO"]
[BlackTeamCountry "CRO"]

1. e4 d6 2. d4 Nf6 3. Nc3 e5 4. Nf3 Nbd7 5. Bc4 Be7 6. 0-0 0-0 7. Re1 c6 8. a4 a5 9. h3 h6 10. Ba2 exd4 11. Nxd4 Nc5 12. Bf4 Re8 13. Qf3 Qb6 14. Rad1 Qb4 15. e5 dxe5 16. Bxe5 Ncd7 17. Bf4 Nf8 18. Ne4 Bd7 19. Bb3 Nxe4 20. Bxf7+ Kxf7 21. Bd6+ Nf6 22. Bxb4 axb4 23. Qb3+ Nd5 24. c4 Nf6 25. Nf3 Be6 26. Ne5+ Kg8 27. Nd3 c5 28. Nf4 Bf7 29. Qc2 b6 30. b3 Rad8 31. Rxd8 Bxd8 32. Rxe8 Bxe8 33. Qf5 N8d7 34. Qe6+ Bf7 35. Qd6 g5 36. Nd3 Kg7 37. f4 Be8 38. Ne5 Ne4 39. Qd3 Nef6 40. Qd6 Ne4 41. Qe6 Nef6 42. fxg5 hxg5 43. Qf5 Nxe5 44. Qxe5 Kf7 45. Qxg5 Bc6 46. Qe5 Be4 47. g4 Bc2 48. g5 Bxb3 49. gxf6 Bxf6 50. Qc7+ Ke8 51. Qxb6 Bd4+ 52. Kg2 Bxa4 53. Qb8+ Ke7 54. Qa7+ Bd7 55. Qb7 Kd6 56. Qb8+ Kc6 57. h4 Bf5 58. Qa8+ Kc7 59. Qa2 Kd6 60. Kf3 Ke5 61. Kg3 Kf6 62. Kf4 Be5+ 63. Kf3 Bd4 64. Qa4 Bd3 65. Qc6+ Kg7 66. Qb7+ Kh8 67. Qc8+ Kh7 68. Qd7+ Kh8 69. Qe8+ Kg7 70. Qe7+ Kh8 71. Qf8+ Kh7 72. Qf7+ Kh8 73. Kf4 Bc2 74. Qe8+ Kh7 75. Kg5 Bg7 76. Qf7 b3 77. h5 Kh8 78. h6 Bd4 79. Qe8+ Kh7 80. Qe7+ Kh8 81. Qd8+ Kh7 82. Qc7+ Kh8 83. Qb8+ Kh7 84. Qb7+ Kh8 85. Qc8+ Kh7 86. Qd7+ Kh8 87. Qe8+ Kh7 88. Qe2 Kh8 89. Qh2 Kh7 90. Qc7+ Kh8 91. Qd8+ Kh7 92. Qe7+ Kh8 93. Qf8+ Kh7 94. Qf7+ Kh8 95. Qe8+ Kh7 1/2-1/2

[Event "CRO-chT1B 30th"]
[Site "Porec"]
[Date "2022.09.27"]
[Round "4.13"]
[White "Golubovic, Boris"]
[Black "Muha, Miljenko"]
[Result "1/2-1/2"]
[WhiteElo "2360"]
[BlackElo "2298"]
[PlyCount "48"]
[EventDate "2022.09.24"]
[EventType "team-tourn"]
[EventRounds "9"]
[EventCountry "CRO"]
[SourceTitle "CBM 210 Extra"]
[Source "ChessBase"]
[SourceDate "2022.11.30"]
[SourceVersion "1"]
[SourceVersionDate "2022.11.30"]
[SourceQuality "1"]
[WhiteTeam "Rijeka Rijeka"]
[BlackTeam "Split Brda"]
[WhiteTeamCountry "CRO"]
[BlackTeamCountry "CRO"]

1. e4 e6 2. d4 d5 3. exd5 exd5 4. Nf3 Nf6 5. Bd3 c5 6. 0-0 c4 7. Re1+ Be7 8. Bf1 0-0 9. b3 cxb3 10. axb3 Nc6 11. Ne5 Bf5 12. Nxc6 bxc6 13. Rxe7 Qxe7 14. Ba3 Qe4 15. Bxf8 Kxf8 16. c3 Qc2 17. Qxc2 Bxc2 18. Nd2 a5 19. Ra2 Bf5 20. f3 h5 21. Ra4 Bc2 22. Ra2 Bf5 23. Ra4 Bc2 24. Ra2 Bf5 1/2-1/2

[Event "CRO-chT1B 30th"]
[Site "Porec"]
[Date "2022.09.24"]
[Round "1.43"]
[White "Segovic, Goran"]
[Black "Muha, Miljenko"]
[Result "1-0"]
[WhiteElo "2304"]
[BlackElo "2298"]
[PlyCount "143"]
[EventDate "2022.09.24"]
[EventType "team-tourn"]
[EventRounds "9"]
[EventCountry "CRO"]
[SourceTitle "CBM 210 Extra"]
[Source "ChessBase"]
[SourceDate "2022.11.30"]
[SourceVersion "1"]
[SourceVersionDate "2022.11.30"]
[SourceQuality "1"]
[WhiteTeam "Mihovljan Sloboda"]
[BlackTeam "Split Brda"]
[WhiteTeamCountry "CRO"]
[BlackTeamCountry "CRO"]

1. e4 e6 2. d4 d5 3. e5 c5 4. c3 Nc6 5. Nf3 Bd7 6. a3 c4 7. Be2 Na5 8. Nbd2 Ne7 9. h4 Qc7 10. Rb1 Nc8 11. Nf1 Nb6 12. Bf4 0-0-0 13. Qd2 Kb8 14. h5 h6 15. g4 Be7 16. g5 hxg5 17. Nxg5 Be8 18. Ng3 Ka8 19. Bg4 Qc6 20. Kf1 Bf8 21. Re1 Rd7 22. Kg2 Re7 23. Re2 Bd7 24. Qe1 Qc8 25. h6 gxh6 26. Nf3 Rg8 27. Bh5 Bg7 28. Qd2 f5 29. exf6 Bxf6 30. Bxh6 Rh7 31. Bg5 Qd8 32. Bxf6 Qxf6 33. Ne5 Nc6 34. Qe3 Nxe5 35. Qxe5 Qh6 36. Bg4 Qg6 37. Rxh7 Qxh7 38. Bxe6 Bxe6 39. Qxe6 Rh8 40. Re5 Qh2+ 41. Kf1 Qh7 42. a4 Qg8 43. Qxg8+ Rxg8 44. a5 Na4 45. Re2 b6 46. a6 Kb8 47. Kg2 Kc7 48. f4 b5 49. f5 Nb6 50. Kf3 Nd7 51. Nh5 Rg5 52. Ng3 Rg8 53. Re7 Rh8 54. Ne2 Kd8 55. Re6 Rf8 56. Kf4 Nf6 57. Ng3 Kd7 58. Ke5 Ne8 59. Rg6 Ke7 60. Nh5 Kf7 61. Nf4 Rh8 62. Kxd5 Rh2 63. Rg2 Rh4 64. Ke5 Nf6 65. Ne6 Ng4+ 66. Kd6 Kf6 67. Kc5 Kxf5 68. Nc7 Rh6 69. Nxb5 Rxa6 70. Nd6+ Kf4 71. Nxc4 Ra2 72. d5 1-0

[Event "SLO-chT 32nd"]
[Site "Ljubljana"]
[Date "2022.09.04"]
[Round "3.2"]
[White "Muha, Miljenko"]
[Black "Subelj, Jan"]
[Result "0-1"]
[WhiteElo "2298"]
[BlackElo "2505"]
[PlyCount "134"]
[EventDate "2022.09.02"]
[EventType "team-tourn"]
[EventRounds "9"]
[EventCountry "SLO"]
[SourceTitle "EXT 2023"]
[Source "ChessBase"]
[SourceDate "2022.10.05"]
[SourceVersion "1"]
[SourceVersionDate "2022.10.05"]
[SourceQuality "1"]
[WhiteTeam "Krsko Triglav"]
[BlackTeam "Maribor ZSK"]
[WhiteTeamCountry "SLO"]
[BlackTeamCountry "SVK"]

1. c4 e5 2. d3 Nf6 3. Nf3 Nc6 4. a3 d5 5. cxd5 Nxd5 6. e4 Nf6 7. Be2 Bc5 8. 0-0 0-0 9. b4 Bd4 10. Nxd4 Qxd4 11. Ra2 Be6 12. Be3 Qd7 13. Rb2 Nd4 14. h3 Rfd8 15. Bg5 a5 16. bxa5 c6 17. f4 exf4 18. Rxf4 Rxa5 19. Bxf6 gxf6 20. Bf1 Rg5 21. Rxf6 Bxh3 22. Rbf2 Be6 23. Qc1 Rg7 24. Nd2 Qd6 25. Nf3 Nxf3+ 26. R6xf3 Qe5 27. Qb1 b5 28. Qb4 Rg6 29. Qe7 Qd6 30. Qb7 Rd7 31. Qa6 Qc5 32. Qa5 Rd4 33. Qc7 Rd7 34. Qa5 Kg7 35. Qb4 Qe5 36. Rf4 Rg5 37. Be2 Qa1+ 38. Kh2 Qd4 39. Kg1 Qxb4 40. axb4 Rd4 41. e5 Rxf4 42. Rxf4 Rxe5 43. Bf3 Bd5 44. Kf2 Kg6 45. Bxd5 Rxd5 46. Ke3 f5 47. Rf3 Re5+ 48. Kd4 Re2 49. Rg3+ Kf6 50. Kc5 Rc2+ 51. Kd6 h5 52. Rg8 h4 53. d4 Rc4 54. Rf8+ Kg6 55. Ke5 Rxb4 56. Rg8+ Kf7 57. Rh8 Kg7 58. Rxh4 c5 59. Kxf5 Ra4 60. Rf4 c4 61. Ke4 b4 62. Rf1 b3 63. Ke3 b2 64. Rb1 c3 65. Kd3 Ra1 66. Kc2 Kf7 67. g4 Ke6 0-1

[Event "SLO-chT NML 31st"]
[Site "Ptuj/Grosuplje"]
[Date "2021.10.17"]
[Round "6.2"]
[White "Muha, Miljenko"]
[Black "Amon, Nejc"]
[Result "1/2-1/2"]
[WhiteElo "2289"]
[BlackElo "2282"]
[PlyCount "110"]
[EventDate "2021.10.08"]
[EventType "team-tourn"]
[EventRounds "9"]
[EventCountry "SLO"]
[SourceTitle "EXT 2023"]
[Source "ChessBase"]
[SourceDate "2022.10.05"]
[SourceVersion "1"]
[SourceVersionDate "2022.10.05"]
[SourceQuality "1"]
[WhiteTeam "Krsko Triglav"]
[BlackTeam "Zalec"]
[WhiteTeamCountry "SLO"]
[BlackTeamCountry "SLO"]

1. d4 Nf6 2. e3 e6 3. Nf3 b6 4. Bd3 Bb7 5. Nbd2 d5 6. 0-0 Bd6 7. b3 0-0 8. Bb2 c5 9. dxc5 Bxc5 10. Qe2 Qe7 11. e4 dxe4 12. Nxe4 Nxe4 13. Bxe4 Bxe4 14. Qxe4 Nd7 15. Nd4 Nf6 16. Qf3 Rac8 17. c4 Bxd4 18. Bxd4 Rfd8 19. Rad1 Ne8 20. Bb2 Rxd1 21. Rxd1 Rd8 22. Rd3 Rxd3 23. Qxd3 f6 24. h3 h6 25. Qd2 Nd6 26. Bc3 Ne4 27. Bb4 Qc7 28. Qe3 Qc6 29. Qd4 Kf7 30. Ba3 a5 31. Bc1 Nc5 32. Be3 Qd7 33. Qxd7+ Nxd7 34. Kf1 e5 35. Ke2 h5 36. a3 Ke6 37. b4 axb4 38. axb4 Kd6 39. Kd3 f5 40. f4 e4+ 41. Kd4 Nb8 42. Kc3 Nd7 43. Bd4 g6 44. Bg7 Kc6 45. Kd4 Kd6 46. Bh6 Nb8 47. Bg5 Nc6+ 48. Kc3 Kd7 49. Bf6 Nd8 50. Bd4 Kc7 51. Kb3 Ne6 52. Be3 Kc6 53. Kc3 Kc7 54. Kb3 Kc6 55. Kc3 Kd6 1/2-1/2

[Event "SLO-chT NML 31st"]
[Site "Ptuj/Grosuplje"]
[Date "2021.10.09"]
[Round "2.2"]
[White "Muha, Miljenko"]
[Black "Zupe, Miran"]
[Result "1/2-1/2"]
[WhiteElo "2289"]
[BlackElo "2222"]
[PlyCount "73"]
[EventDate "2021.10.08"]
[EventType "team-tourn"]
[EventRounds "9"]
[EventCountry "SLO"]
[SourceTitle "EXT 2023"]
[Source "ChessBase"]
[SourceDate "2022.10.05"]
[SourceVersion "1"]
[SourceVersionDate "2022.10.05"]
[SourceQuality "1"]
[WhiteTeam "Krsko Triglav"]
[BlackTeam "Maribor Branik"]
[WhiteTeamCountry "SLO"]
[BlackTeamCountry "SLO"]

1. d4 Nf6 2. Nf3 d5 3. e3 e6 4. Nbd2 Nbd7 5. b3 Bd6 6. Bb2 Qe7 7. Ne5 Ba3 8. Bxa3 Qxa3 9. f4 c5 10. c3 Qa5 11. Qc2 Nxe5 12. fxe5 Ng4 13. Qd3 Bd7 14. Be2 Nh6 15. 0-0 Rc8 16. Rfc1 0-0 17. a3 Qd8 18. Nf3 Qe7 19. b4 cxd4 20. cxd4 f6 21. Rc5 b6 22. exf6 gxf6 23. Rcc1 Rxc1+ 24. Rxc1 Rc8 25. Rf1 Be8 26. Qd2 Nf7 27. Rc1 Rxc1+ 28. Qxc1 Nd6 29. Bd3 Bg6 30. Bf1 Qd7 31. Nd2 Qc8 32. Qxc8+ Nxc8 33. Kf2 Nd6 34. Kf3 Kf7 35. Kf4 Ke7 36. g4 h6 37. Nf3 1/2-1/2

[Event "CRO-chT1B 29th"]
[Site "Mali Losinj"]
[Date "2021.10.01"]
[Round "9.14"]
[White "Novak, Ivan2222"]
[Black "Muha, Miljenko"]
[Result "1/2-1/2"]
[WhiteElo "2239"]
[BlackElo "2289"]
[PlyCount "90"]
[EventDate "2021.09.25"]
[EventType "team-tourn"]
[EventRounds "11"]
[EventCountry "CRO"]
[SourceTitle "CBM 204 Extra"]
[Source "ChessBase"]
[SourceDate "2021.11.30"]
[SourceVersion "1"]
[SourceVersionDate "2021.11.30"]
[SourceQuality "1"]
[WhiteTeam "Mihovljan Sloboda"]
[BlackTeam "Split Brda"]
[WhiteTeamCountry "CRO"]
[BlackTeamCountry "CRO"]

1. d4 d5 2. Bg5 h6 3. Bf4 c5 4. e3 Nc6 5. c3 Nf6 6. Bd3 e6 7. Nf3 Bd6 8. Bg3 Bxg3 9. hxg3 Qd6 10. Bb5 0-0 11. Nbd2 Bd7 12. Bxc6 Bxc6 13. Ne5 Be8 14. g4 Nh7 15. Qc2 Rc8 16. Ndf3 f6 17. Ng6 Rf7 18. Rd1 Rfc7 19. 0-0 b5 20. dxc5 Rxc5 21. Nf4 b4 22. Nd4 Nf8 23. Nd3 Rc4 24. Rc1 bxc3 25. bxc3 Qc7 26. Qe2 Bd7 27. Rc2 e5 28. Nf5 Bxf5 29. gxf5 d4 30. exd4 exd4 31. Rfc1 Rxc3 32. Nb4 Qc5 33. Rxc3 dxc3 34. Qe4 Rd8 35. Nd3 Qa5 36. Qc4+ Qd5 37. Qxd5+ Rxd5 38. Rxc3 Ra5 39. Rc7 Rxa2 40. Nf4 Ra1+ 41. Kh2 Rd1 42. Rxa7 Rd7 43. Ra8 Kf7 44. Kg3 Rb7 45. Kg4 g6 1/2-1/2

[Event "Solta op 4th"]
[Site "Grohote"]
[Date "2021.08.08"]
[Round "1"]
[White "Muha, Miljenko"]
[Black "Mesar, Antun"]
[Result "1-0"]
[WhiteElo "2290"]
[BlackElo "1845"]
[PlyCount "79"]
[EventDate "2021.08.08"]
[EventType "swiss"]
[EventRounds "9"]
[EventCountry "CRO"]
[SourceTitle "CBM 203 Extra"]
[Source "ChessBase"]
[SourceDate "2021.09.30"]
[SourceVersion "1"]
[SourceVersionDate "2021.09.30"]
[SourceQuality "1"]

1. d4 d5 2. c4 c6 3. Nf3 Nf6 4. e3 Bg4 5. h3 Bf5 6. Bd3 Bxd3 7. Qxd3 dxc4 8. Qxc4 Nbd7 9. 0-0 e6 10. Nc3 Be7 11. e4 0-0 12. Re1 Nb6 13. Qb3 Qc7 14. Be3 Rfd8 15. a4 Nbd7 16. a5 b6 17. Bg5 Nf8 18. axb6 axb6 19. Rxa8 Rxa8 20. e5 Nd5 21. Nxd5 cxd5 22. Rc1 Qd8 23. Bxe7 Qxe7 24. Qxb6 h6 25. b4 Qe8 26. Rc7 Ng6 27. b5 Nf4 28. Kh2 Rb8 29. Rb7 Ra8 30. Qd6 Qc8 31. Qe7 Qe8 32. Qxe8+ Rxe8 33. b6 g6 34. Nd2 Nd3 35. f3 Nb2 36. Rc7 Rb8 37. b7 Kg7 38. Nb3 Nc4 39. Nc5 Na5 40. Nxe6+ 1-0

[Event "Split op 10th"]
[Site "Split"]
[Date "2021.08.04"]
[Round "6"]
[White "Palac, Mladen"]
[Black "Muha, Miljenko"]
[Result "1-0"]
[WhiteElo "2521"]
[BlackElo "2290"]
[PlyCount "49"]
[EventDate "2021.07.31"]
[EventType "swiss"]
[EventRounds "9"]
[EventCountry "CRO"]
[SourceTitle "CBM 203 Extra"]
[Source "ChessBase"]
[SourceDate "2021.09.30"]
[SourceVersion "1"]
[SourceVersionDate "2021.09.30"]
[SourceQuality "1"]

1. d4 d5 2. c4 e6 3. Nf3 a6 4. Bg5 Be7 5. Bxe7 Qxe7 6. Nbd2 Nf6 7. Rc1 0-0 8. g3 Nc6 9. Bg2 e5 10. dxe5 Nxe5 11. Nxe5 Qxe5 12. cxd5 Bg4 13. Nc4 Qg5 14. h3 Bh5 15. 0-0 Rfe8 16. g4 Nxg4 17. f4 Qg6 18. hxg4 Qxg4 19. Ne5 Qh4 20. Qe1 Qe7 21. e4 f6 22. Nd3 c6 23. dxc6 bxc6 24. Rxc6 Rad8 25. Qe3 1-0

[Event "FIDE World Uni Rapid-D 1st"]
[Site "Tornelo INT"]
[Date "2021.03.20"]
[Round "2"]
[White "Muha, Miljenko"]
[Black "Pheng, Wissam"]
[Result "1-0"]
[WhiteElo "2290"]
[BlackElo "1739"]
[PlyCount "151"]
[EventDate "2021.03.20"]
[EventType "swiss (rapid)"]
[EventRounds "12"]
[EventCountry "NET"]
[SourceTitle "EXT 2022"]
[Source "ChessBase"]
[SourceDate "2021.10.06"]
[SourceVersion "1"]
[SourceVersionDate "2021.10.06"]
[SourceQuality "1"]

1. d4 f5 2. Bg5 g6 3. e3 Bg7 4. h4 h6 5. Bf4 Nf6 6. Bd3 d6 7. c4 Nc6 8. Nf3 Bd7 9. Nc3 0-0 10. a3 Nh5 11. d5 Ne5 12. Nxe5 dxe5 13. Bh2 e6 14. Be2 Qxh4 15. Bxh5 gxh5 16. Qe2 Qg4 17. 0-0-0 Qxe2 18. Nxe2 exd5 19. cxd5 Rad8 20. Nc3 f4 21. exf4 exf4 22. f3 Be5 23. Bg1 Be8 24. Bd4 Rf5 25. Bxe5 Rxe5 26. Rhe1 Rxe1 27. Rxe1 Bf7 28. Re7 Bxd5 29. Rxc7 Bc6 30. Re7 Re8 31. Rxe8+ Bxe8 32. Nd5 Kg7 33. Nxf4 h4 34. Kd2 Bc6 35. Ke3 Kf6 36. Ne2 a5 37. Kf4 h5 38. Nd4 Bd5 39. Nb5 a4 40. Nc3 Bc6 41. Ne4+ Kg6 42. Ke5 Kf7 43. Kf5 Bd7+ 44. Kg5 h3 45. gxh3 Bxh3 46. Kxh5 Bg2 47. Kg4 Ke6 48. Nd2 Ke5 49. Kg3 Bh1 50. f4+ Kf5 51. Nc4 Bc6 52. Ne5 Bd5 53. Nd3 Bc6 54. Nc5 Kf6 55. Kf2 Kf5 56. Ke3 Kf6 57. Nd3 Kf5 58. Nb4 Bd7 59. Nc2 Kf6 60. Nd4 Bh3 61. Kd3 Bd7 62. Kc4 Ke7 63. Kd5 Bh3 64. Ke5 Bg2 65. f5 Bf1 66. f6+ Kf7 67. Ne6 Bc4 68. Nd8+ Ke8 69. Nxb7 Kd7 70. Nc5+ Kc6 71. Nxa4 Bf7 72. Nc3 Kc5 73. Ne4+ Kc6 74. Nd6 Bg6 75. f7 Bxf7 76. Nxf7 1-0

[Event "FIDE World Uni Rapid-D 1st"]
[Site "Tornelo INT"]
[Date "2021.03.20"]
[Round "1"]
[White "Sanchez Mendoza, Karla Mon"]
[Black "Muha, Miljenko"]
[Result "0-1"]
[WhiteElo "1320"]
[BlackElo "2290"]
[PlyCount "68"]
[EventDate "2021.03.20"]
[EventType "swiss (rapid)"]
[EventRounds "12"]
[EventCountry "NET"]
[SourceTitle "EXT 2022"]
[Source "ChessBase"]
[SourceDate "2021.10.06"]
[SourceVersion "1"]
[SourceVersionDate "2021.10.06"]
[SourceQuality "1"]

1. e4 e6 2. d4 d5 3. exd5 exd5 4. Nc3 Bb4 5. Bd2 Nf6 6. Nf3 0-0 7. Be2 Bg4 8. 0-0 Re8 9. a3 Bf8 10. Bg5 c6 11. Qd3 Nbd7 12. Rae1 Qc7 13. h3 Bh5 14. Bh4 Ne4 15. Bd1 f5 16. Nh2 Bxd1 17. Qxd1 Nxc3 18. bxc3 Bxa3 19. Bg3 Bd6 20. Qf3 g6 21. Bxd6 Qxd6 22. Re2 Re4 23. Rfe1 Rae8 24. Re3 a5 25. Ra1 b6 26. Nf1 Nf6 27. Nd2 Rxe3 28. fxe3 Qe7 29. Re1 a4 30. c4 b5 31. cxd5 cxd5 32. Nb1 b4 33. Qf2 a3 34. c3 b3 0-1

[Event "FIDE World Uni Blitz-C 1st"]
[Site "Tornelo INT"]
[Date "2021.03.13"]
[Round "2.27"]
[White "Muha, Miljenko"]
[Black "Asmita, Das"]
[Result "1-0"]
[WhiteElo "2290"]
[BlackElo "1759"]
[PlyCount "73"]
[EventDate "2021.03.13"]
[EventType "swiss (blitz)"]
[EventRounds "10"]
[EventCountry "NET"]
[SourceTitle "EXT 2022"]
[Source "ChessBase"]
[SourceDate "2021.10.06"]
[SourceVersion "1"]
[SourceVersionDate "2021.10.06"]
[SourceQuality "1"]

1. d4 Nf6 2. c4 g6 3. Nc3 Bg7 4. e4 d6 5. f3 0-0 6. Nge2 c5 7. d5 e6 8. Ng3 exd5 9. cxd5 Nfd7 10. Be2 Ne5 11. 0-0 f5 12. exf5 Bxf5 13. Nxf5 Rxf5 14. f4 Ned7 15. Bg4 Rf8 16. Be6+ Kh8 17. Ne4 Bd4+ 18. Kh1 Qh4 19. Bd2 Nf6 20. g3 Qh6 21. Nxd6 Nh5 22. Qg4 Na6 23. Bc3 Bxc3 24. bxc3 Nc7 25. Nf7+ Rxf7 26. Bxf7 Nf6 27. Qg5 Qg7 28. Be6 Rd8 29. Rad1 Qf8 30. Qe5 Kg7 31. g4 Nxe6 32. dxe6 Rxd1 33. Rxd1 Qc8 34. g5 Qc6+ 35. Kg1 Qf3 36. Qxf6+ Kg8 37. Rd8# 1-0

[Event "FIDE World Uni Blitz-C 1st"]
[Site "Tornelo INT"]
[Date "2021.03.13"]
[Round "8.24"]
[White "Muha, Miljenko"]
[Black "Shafi, Declan"]
[Result "1-0"]
[WhiteElo "2290"]
[BlackElo "2166"]
[PlyCount "121"]
[EventDate "2021.03.13"]
[EventType "swiss (blitz)"]
[EventRounds "10"]
[EventCountry "NET"]
[SourceTitle "EXT 2022"]
[Source "ChessBase"]
[SourceDate "2021.10.06"]
[SourceVersion "1"]
[SourceVersionDate "2021.10.06"]
[SourceQuality "1"]

1. d4 Nf6 2. c4 e6 3. Nf3 d5 4. g3 Be7 5. Bg2 0-0 6. 0-0 c5 7. cxd5 exd5 8. b3 Nc6 9. Bb2 Be6 10. dxc5 Bxc5 11. Nd4 Qb6 12. Nxc6 bxc6 13. Bxf6 gxf6 14. Nc3 Bd4 15. Rc1 c5 16. Nxd5 Bxd5 17. Bxd5 Rad8 18. e4 Qa6 19. a4 f5 20. Qf3 fxe4 21. Bxe4 Qh6 22. Rcd1 Kh8 23. Rd3 Qg5 24. Bf5 Rfe8 25. Rfd1 Re5 26. Bh3 Qg7 27. b4 Rde8 28. bxc5 Bxc5 29. Bf1 Qg6 30. Rd5 Kg7 31. Rxe5 Rxe5 32. Rd7 Rf5 33. Qc3+ Qf6 34. Qxf6+ Rxf6 35. Rd2 Rf5 36. Kg2 Bb6 37. f4 Ra5 38. Ra2 Bc5 39. Bb5 Bd6 40. Kf3 a6 41. Be2 Kf6 42. Ke4 Ke6 43. g4 f6 44. h4 h6 45. h5 Be7 46. Bc4+ Kd6 47. Rd2+ Kc6 48. Bb3 Rc5 49. Rc2 Rxc2 50. Bxc2 Kd6 51. Kf5 Kd5 52. Kg6 Kd4 53. Kxh6 Ke3 54. g5 Kxf4 55. g6 Bf8+ 56. g7 Bxg7+ 57. Kxg7 Kg5 58. h6 f5 59. Bxf5 Kxf5 60. h7 Ke5 61. h8Q 1-0